000 00296nam a22001337a 4500
008 170807b xxu||||| |||| 00| 0 eng d
020 _a752064713975
041 _aeng
080 _a004
100 _a34
101 _aSHKI
245 _aMACROMEDIA FLASH MX 2004
_cPUCKNELL, SH
942 _2udc
_cBK
999 _c22809
_d22809